| 000 | 00746na a2200253 4500 | ||
|---|---|---|---|
| 001 | 14028 | ||
| 003 | MIRAKIL | ||
| 005 | 20181213154743.0 | ||
| 008 | 160823b tu 000 0 | ||
| 020 | _a9786055493110 | ||
| 040 |
_aMilas _btur _cTR-AnCHP |
||
| 082 |
_a741.5 _bA67k |
||
| 090 | _a741.5 A67k [t.y.] | ||
| 100 | _aArslan, Osman | ||
| 245 |
_aKüçük kahraman _bAleko _cöykü: Osman Arslan ; çizen: Şeref Manun |
||
| 246 | _aAleko | ||
| 250 | _a5. bs. | ||
| 260 |
_aİstanbul _b2023 Yayıncılık _c[t. y.] |
||
| 300 |
_a24 s. _brnk. res. _c24 sm. |
||
| 490 |
_aTürk tarihi gerçek öyküler çizgi romanları _aÇanakkale destanı _v1 - 10 _v10 |
||
| 650 |
_aÇizgi Roman _xTürk |
||
| 700 | _aManun, Şeref | ||
| 942 |
_2ddc _cBKS |
||
| 999 |
_c307 _d307 |
||